Fermentácia vysoko koncentrovaných substrátov vs.správanie sa kvasiniek

Gespeichert in:
Bibliographische Detailangaben
1. Verfasser: Habaj, Lukáš
Format: Buch
Sprache:Slowakisch
Veröffentlicht: Bratislava STU FCHPT 2007
Online-Zugang:Im OPAC anzeigen
Tags: Tag hinzufügen
Keine Tags, Fügen Sie das erste Tag hinzu!

MARC

LEADER 00000nam a2200000 a 4500
005 20260127134326.0
008 060607 2006 xo 000 0 slo d
035 |a vtls009008518 
039 9 |y 200707201052  |z mschk03 
040 |a STUSCHK1  |b slo  |c STUSCHK1  |e AACR2 
100 1 |a Habaj, Lukáš 
245 1 |a Fermentácia vysoko koncentrovaných substrátov vs.správanie sa kvasiniek  |c Lukáš Habaj 
260 |a Bratislava  |b STU FCHPT  |c 2007 
300 |a 62 s.  |b tab.,grafy, lit.  |c 29 cm 
500 |a Obháj.: 6.6. 2007 
500 |a Špec.: Biotechnológia a biochémia 
500 |a Ústav biochémie, výživy a ochrany zdravia 
910 |a SCHK95 
999 |c 9863  |d 9863